000
00225nam a2200085Ia 4500
008
150509s9999 xx 000 0 und d
082
_a
WBP 305.23 EVA
100
_a
Evans, Judith L.Myers, Robert G.
245
_a
Early childhood counts
999
_c
9625
_d
9625